00270nam a2200109Ia 4500008004100000100001300041245004500054250000800099260003700107300000800144650000800152191201s2006 xx 000 0 und d aKAZMI, A 0aBusiness Policy and Strategic Management aRep aN.DelhibTata mc Graw Hillc2006 a619 aMBA